Les mots de la langue française terminés par "euil" - Statistiques

Statistiques générales
  • Ce quiz a été pris 178 fois
  • Le résultat moyen est 6 sur 14
Statistiques - réponses
Indice Mot % Correct
siège fauteuil
81%
animal ecureuil
79%
entrée seuil
69%
affliction deuil
57%
plante aromatique cerfeuil
56%
ville du 93 Montreuil
54%
ville du 95 Argenteuil
47%
animal chevreuil
47%
oiseau bouvreuil
38%
quartier de Paris Auteuil
33%
appareil treuil
33%
ville du 70 Luxeuil
10%
ville du 94 Bonneuil
5%
bois breuil
4%
Aucun quiz correspondant
Distribution des résultats
% des personnes avec chaque résultat
Percentile par nombre de réponses
Votre historique - résultats
Vous n’avez pas pris ce quiz